Anukalika kalachinthakal/ (Record no. 65085)

000 -LEADER
fixed length control field 00394nam a22001577a 4500
020 ## - INTERNATIONAL STANDARD BOOK NUMBER
ISBN 9788192159256
082 ## - DEWEY DECIMAL CLASSIFICATION NUMBER
Classification number M4
Item number AJA/A
100 ## - MAIN ENTRY--AUTHOR NAME
Personal name Ajayakumar
245 ## - TITLE STATEMENT
Title Anukalika kalachinthakal/
Statement of responsibility, etc by Ajayakumar
260 ## - PUBLICATION, DISTRIBUTION, ETC. (IMPRINT)
Place of publication Thrissur:
Name of publisher Kerala Laithakala Academy,
Year of publication 2011.
300 ## - PHYSICAL DESCRIPTION
Number of Pages 228p.
650 ## - SUBJECT ADDED ENTRY--TOPICAL TERM
Topical Term Essays Malayalam
650 ## - SUBJECT ADDED ENTRY--TOPICAL TERM
Topical Term Literature Malayalam
650 ## - SUBJECT ADDED ENTRY--TOPICAL TERM
Topical Term Literature
942 ## - ADDED ENTRY ELEMENTS (KOHA)
Koha item type Book
Holdings
Withdrawn status Lost status Damaged status Not for loan Permanent Location Current Location Shelving location Date acquired Cost, normal purchase price Full call number Accession Number Price effective from Koha item type
        Sree Sankaracharya University of Sanskrit Sree Sankaracharya University of Sanskrit Stacks 22.05.2017 450.00 M4 AJA/A 084520 22.05.2017 Book